Представление документа в формате RUSMARC

ПолеНазваниеЗначение
  Тип записи a
  Библиографический уровень c
001 Контрольный номер RU/SLIB/B/208773509
005 Дата корректировки 20201206204312.3
010 Индекс ISBN __
d Цена 20-00
101 Язык документа __
a Язык текста rus
c Язык оригинала rus
200 Заглавие и сведения об ответственности __
a Заглавие Рассказы
f Первые сведения об ответственности А. П. Чехов
b Общее обозначение материала Текст
210 Выходные данные __
a Место издания Ташкент
c Издательство Укитувчи
d Дата издания 1987
215 Физическое описание __
a Объем 288 с.
327 Примечание о содержании __
a Примечание о содержании Смерть чиновника
327 Примечание о содержании __
a Примечание о содержании Хамелеон
327 Примечание о содержании __
a Примечание о содержании Каштанка
327 Примечание о содержании __
a Примечание о содержании Попрыгунья
327 Примечание о содержании __
a Примечание о содержании Супруга
327 Примечание о содержании __
a Примечание о содержании Крыжовник
327 Примечание о содержании __
a Примечание о содержании Душечка
327 Примечание о содержании __
a Примечание о содержании Дама с собачкой
606 Тематические рубрики __
a Основная рубрика Художественная литература
y Географическая подрубрика Россия
606 Тематические рубрики __
a Основная рубрика Русская литература XIX в. (произведения)
610 Ключевые слова __
a Ключевые слова прозаики; рассказы
686 Индексы других классификаций __
a Классификационный индекс ст84(2Рос=Рус)1-4
700 Автор _1
a Фамилия Чехов
b Имя А. П.
c Титул (звания) Антон Павлович
4 Код отношения 070
801 Источник записи _0
a Страна RU
b Организация Муниципальное бюджетное учреждение культуры "Централизованная библиотечная система" г. Сургут (Центральная городская библиотека им. А. С. Пушкина)
g Правила каталогизации КиК/Гришунина
801 Источник записи _1
a Страна RU
b Организация Муниципальное бюджетное учреждение культуры "Централизованная библиотечная система" г. Сургут (Центральная городская библиотека им. А. С. Пушкина)
g Правила каталогизации КиК/Гришунина
852 Данные о местонахождении __
j Шифр хранения ст84(2Рос=Рус)1-4
c Каталожный индекс ст84(2Рос=Рус)1-4
i Авторский знак Ч-56
p Инвентарный номер 05070117
901 Тип документа __
t Тип документа x
903 Характеристики (МАРС) __
a Дата передачи 20050908
969 Тип издания __
a Тип издания сборник
990 Данные о заказе (DOS) __
j Количество экземпляров (DOS) 1
t N записи в КСУ для И/У (DOS) 200507